| 000 | 004370000a22001810004500 | ||
|---|---|---|---|
| 999 |
_c48690 _d48690 |
||
| 001 | 1530 | ||
| 003 | CO-MdFUSB | ||
| 005 | 20171006153843.0 | ||
| 008 | 171006b xxu||||| |||| 00| 0 eng d | ||
| 020 | _a0-86264-700-2 | ||
| 040 | _cCO-MdBIC | ||
| 082 | 0 | 4 | _a863C M459c |
| 100 | 1 | _aMckee, David | |
| 245 | 1 | 0 | _aEl cochinito de Carlota / David Mckee |
| 260 | _aMéxico : Fondo de Cultura Económica | ||
| 300 | _a26 P. | ||
| 942 | _cLGB | ||